000 01096nam a22002297a 4500
999 _c5178
_d5178
003 AR-CdUCM
008 190312b ||||| |||| 00| 0 spa d
040 _aMUNICIPALIDAD PROVINCIAL DEL CUSCO
_cBIBLIOTECA MUNICIPAL DEL CUSCO
082 _a305.4 /
_bAG32
100 _aDel Aguilar, Chavez, Rosario
_915720
245 _aLas Mujeres y la Pesca :
_ben la Reserva Nacional Pacaya Samiria - Perú /
260 _aIquitos :
_bPrograma de Cooperación Hispano Peruano - Proyecto Araucaria XXI Nauta : Ministerio del Ambiente, Enlace Regional Loreto : Agencia Española de Cooperación Internacional para el Desarrollo, Oficina Técnica de Cooperación,
_c2010.
300 _a48 paginas ;
_bIlustraciones a color,
_c24cm.
505 _aContenido: Objetivo -- Area de estudio -- Metodologia -- Resultados y discucion
650 _aAspectos Economicos
_9261
650 _aPeru
_9429
650 _aReserva Nacional Pacaya Samiria (Loreto)
_915721
650 _aPrograma de Cooperación Hispano Peruano.
_915722
650 _aProyecto Araucaria XXI Nauta.
_915723
942 _2ddc
_cLIBROS
945 _apjha